Los actores de la ruralidad en la producción familiar capitalizada: la mirada de las mujeres en la problemática de la sustentabilidad /

Guardat en:
Dades bibliogràfiques
Autor principal: Cloquell, Silvia
Format: Text
Matèries:
Etiquetes: Afegir etiqueta
Sense etiquetes, Sigues el primer a etiquetar aquest registre!

MARC

LEADER 00000 a a2200000 04500
001 12577
003
040
100 |a Cloquell, Silvia  
245 |a Los actores de la ruralidad en la producción familiar capitalizada:   |b la mirada de las mujeres en la problemática de la sustentabilidad /  |c Silvia Cloquell 
650 |a ZONAS RURALES  
650 |a MUJERES  
650 |a CAMBIO SOCIAL  
650 |a SECTOR AGRICOLA  
650 |a MODERNIZACION  
650 |a DESARROLLO RURAL  
650 |a DESARROLLO SUSTENTABLE  
650 |a AGRICULTURA  
773 |g volumen 2, número 1 (3); páginas 75-88  
999 |c 26918  |d 26918